000 00714nam a2200217 i 4500
003 IT-RoINE
005 20160216093814.0
008 900725s1956 sp r |dspa d
040 _aSpMaBN
_bspa
_cA2 IT-RoINE
100 1 _aCadalso, José,
_d1741-1782
_922625
245 1 0 _aCartas marruecas /
_cCadalso ; prólogo, edición y notas de Juan Tamayo y Rubio.
260 _aMadrid :
_bEspasa-Calpe,
_c1956.
300 _aXLVI, 232 p. ;
_c19 cm.
336 _2rdacontent
_atext
337 _2rdamedia
_aunmediated
338 _2rdacarrier
_avolume
490 1 _aClásicos castellanos ;
_v112
700 1 _aTamayo y Rubio, Juan
_922626
830 0 _922520
_aClásicos castellanos (Espasa-Calpe) ;
_v112
942 _cMTS
999 _c10988
_d10988